02936nam a2200397 i 4500003000900000005001700009006001900026007000300045008004100048020001500089040003300104082002700137111011100164245009000275264011800365300005700483336002600540337003200566338002800598500007400626505137900700650000602079651004402085651004302129700002902172710007602201710003902277710004502316710000802361710000802369710004502377710004802422710001002470710001502480710004302495DO-SdBPM20251121131429.0a||||gr|||| 00| 0 ta230518e2001 dr ad gr|||| 001 e spa d a9993433462 aDO-SdBPMbspacBPMSUerdad  4a338.98bA791p 20022221 aArticulación de las políticas económicas y socialesn(1:d2001:cJuan Dolio, República Dominicana)10aArticulación de las políticas económicas y sociales. /ceditor Jafrey Lizardo, 31aSanto Domingo :b Instituto Interamericano de Desarrollo, (BID);bInstituto Tecnológico de Santo Domingo,c2002 a232 páginas :bilustraciones, gráficos ; c23 cm 2rdacontenatextobtxt 2rdamediaasin mediciónbn 2rdacarreiravolumenbnc aIncluye referencias bibliográficas y notas al pie de las páginas0 aDistribución del ingreso y reducción de la pobreza en América Latina después de una década de globalización / Samuel A. Morley 13 -- Liberación económica en una economía dual: Micro simulaciones del efecto de los cambios en el mercado de trabajo sobre la distribución del ingreso y pobreza en Paraguay / José R. Molinas Vega 53 -- Patrones de integración a la economía global: ¿qué comercializa América Latina? ¿qué hacen sus trabajadores? El caso de la República Dominicana / Magdalena Lizardo; Rolando M. Guzmán 85 -- Políticas económicas y sociales para combatir la pobreza en República Dominicana / Jaime Aristy Escuder 151 -- Políticas económicas y sociales para combatir la pobreza en la República Dominicana / Ricardo González; Xiomara García 159 -- Políticas económicas y sociales para combatir la pobreza en la República Dominicana / Rafael Espinal 169 -- Alternativas para lograr una efectiva articulación de políticas económicas y sociales / Isidoro Santana 177 -- Alternativas para lograr una efectiva articulación de políticas económicas y sociales / Marina Ortíz 193 -- Del diseño a la ejecución : restricciones para el éxito de las políticas / José L. Alemán, sí 209 -- Del diseño a la ejecución : restricciones para el éxito de las políticas / Rafael Toribio 215 a  7aAmérica LatinaxAspectos económicos 7a América Latina x Política social1 a Lizardo, Jafreyeeditor2 aInstituto Interamericano de Desarrollo Social (República Dominicana).2 aBanco Interamericano de Desarrollo2 aInstituto Tecnológico de Santo Domingoz aBIDz aIDBz a Banco Interamericano de Desenvolvimentoz aBanque Interaméricaine de Développementz aINTECz aI.N.T.E.C.z aInstituto Tecnológico Santo Domingo